00346nam a22001097a 4500040000900000082001200009100001800021110003100039245010700070260004500177650001400222 cNUST a200 THE a Ayesha Kiran aSupervisor Dr. Usman Qamar aTH-SOF-1744-Regression Test Suites Optimization Using TLBO Based Adaptive Neuro-Fuzzy Inference System aISLAMABAD:b NUST COLLEGE OF EME,c2020. aMS-CSE-17